000 00314nam a2200133Ia 4500
100 _aMiller/I/ Freund/J.E
942 _cBK
654 _aProbability
245 _aProbability and statistics for Engineers
260 _bprentice hall
_aNew Delhi
_c1987
082 _a519
_bMILL
300 _a529
546 _aENGLISH
999 _c32538
_d32538